The admiralty manual of seamanship (Record no. 12847)

000 -LEADER
fixed length control field 00544nam a22001937a 4500
008 - FIXED-LENGTH DATA ELEMENTS--GENERAL INFORMATION
fixed length control field 251006b 2022 ||||| |||| 00| 0 eng d
020 ## - INTERNATIONAL STANDARD BOOK NUMBER
International Standard Book Number 9781906915742
082 ## - DEWEY DECIMAL CLASSIFICATION NUMBER
Classification number 623.82
Item number NAU
110 ## - MAIN ENTRY--CORPORATE NAME
Corporate name or jurisdiction name as entry element The Nautical Institute
245 ## - TITLE STATEMENT
Title The admiralty manual of seamanship
250 ## - EDITION STATEMENT
Edition statement 13th ed.
260 ## - PUBLICATION, DISTRIBUTION, ETC. (IMPRINT)
Place of publication, distribution, etc United Kingdom
Name of publisher, distributor, etc The Nautical Institute
Date of publication, distribution, etc 2022
300 ## - PHYSICAL DESCRIPTION
Extent vi, 1-1 to 6-122, App -1 to33 pgs.
650 ## - SUBJECT ADDED ENTRY--TOPICAL TERM
Topical term or geographic name as entry element Anchors, cables and buoywork
650 ## - SUBJECT ADDED ENTRY--TOPICAL TERM
Topical term or geographic name as entry element Rigging and deck gear
650 ## - SUBJECT ADDED ENTRY--TOPICAL TERM
Topical term or geographic name as entry element Towing
650 ## - SUBJECT ADDED ENTRY--TOPICAL TERM
Topical term or geographic name as entry element Boats
942 ## - ADDED ENTRY ELEMENTS (KOHA)
Item type Books
Holdings
Withdrawn status Lost status Source of classification or shelving scheme Damaged status Not for loan Collection code Permanent location Current location Shelving location Date acquired Total Checkouts Full call number Barcode Date last seen Date last borrowed Koha item type Public note
          Reference IMU-MPC Library IMU-MPC Library Reference 2025-10-06 1 623.82 NAU MPC7051 2025-11-25 2025-11-25 Books Column - 3
Copyright © 2021 Indian Maritime University, Mumbai Port Campus. All Rights Reserved. Managed & Maintained by Central Library, IMU-Mumbai

webs counters

Powered by Koha